000 00293nam a22001337a 4500
008 170602b xxu||||| |||| 00| 0 eng d
020 _a2900072910093
041 _aeng
080 _a93
100 _a17
101 _aSHH
245 _aTHE HUMANISTIC TRADITION
_cFIERO, G.K
942 _2udc
_cBK
999 _c15716
_d15716